[Event "Nuremberg Zabo op 10th"]
[Site "Nuremberg"]
[Date "2008.09.20"]
[Round "3"]
[White "Gspahn, Thomas"]
[Black "Schloetterer, Hermann"]
[Result "0-1"]
[WhiteElo "1597"]
[BlackElo "1804"]
[PlyCount "56"]
[EventDate "2008.09.19"]
[EventType "swiss"]
[EventRounds "5"]
[EventCountry "GER"]
[SourceTitle "EXT 2012"]
[Source "ChessBase"]
[SourceDate "2011.11.24"]
[SourceVersion "1"]
[SourceVersionDate "2011.11.24"]
[SourceQuality "1"]

1. e4 c5 2. Nf3 Nc6 3. d4 cxd4 4. Nxd4 Nf6 5. Nc3 e5 6. Ndb5 d6 7. Bg5 a6 8. Na3 b5 9. Nd5 Be7 10. Nxf6+ Bxf6 11. Qd5 Bb7 12. Bxf6 Qxf6 13. Be2 Rd8 14. Bf3 Rd7 15. Qd3 0-0 16. 0-0 Nd4 17. Bd1 Qg6 18. Re1 f5 19. f3 fxe4 20. fxe4 Rdf7 21. c3 Nf3+ 22. Bxf3 Rxf3 23. Re3 Rf2 24. Rg3 Qxe4 25. Qxe4 Bxe4 26. b3 Rd2 27. c4 b4 28. Nb1 Rd1# 0-1

[Event "Nuremberg Zabo op 10th"]
[Site "Nuremberg"]
[Date "2008.09.20"]
[Round "2"]
[White "Halamicek, Robin"]
[Black "Gspahn, Thomas"]
[Result "0-1"]
[WhiteElo "1143"]
[BlackElo "1597"]
[PlyCount "64"]
[EventDate "2008.09.19"]
[EventType "swiss"]
[EventRounds "5"]
[EventCountry "GER"]
[SourceTitle "EXT 2012"]
[Source "ChessBase"]
[SourceDate "2011.11.24"]
[SourceVersion "1"]
[SourceVersionDate "2011.11.24"]
[SourceQuality "1"]

1. e4 d6 2. d4 Nf6 3. Nc3 c6 4. Nf3 Qa5 5. Bd2 Qb6 6. Na4 Qc7 7. Bd3 b5 8. Nc3 Nbd7 9. 0-0 Bb7 10. Re1 e5 11. Ne2 Be7 12. c3 0-0 13. Qc2 a6 14. a3 c5 15. Ng3 Rac8 16. d5 c4 17. Be2 Nc5 18. Be3 Nfd7 19. Nf5 Bd8 20. Nd2 a5 21. b4 cxb3 22. Nxb3 Ba6 23. Rab1 Na4 24. Qd2 Nxc3 25. Rbc1 Nxe2+ 26. Qxe2 Qb8 27. Qg4 Bf6 28. Bg5 Rxc1 29. Rxc1 Qd8 30. Nh6+ Kh8 31. Bxf6 Nxf6 32. Qg3 gxh6 0-1

[Event "Nuremberg Zabo op 10th"]
[Site "Nuremberg"]
[Date "2008.09.19"]
[Round "1"]
[White "Gspahn, Thomas"]
[Black "Bunk, Karsten"]
[Result "0-1"]
[WhiteElo "1597"]
[BlackElo "2008"]
[PlyCount "104"]
[EventDate "2008.09.19"]
[EventType "swiss"]
[EventRounds "5"]
[EventCountry "GER"]
[SourceTitle "EXT 2012"]
[Source "ChessBase"]
[SourceDate "2011.11.24"]
[SourceVersion "1"]
[SourceVersionDate "2011.11.24"]
[SourceQuality "1"]

1. e4 c5 2. Nf3 e6 3. d4 cxd4 4. Nxd4 a6 5. Nc3 Qc7 6. Bd3 Nf6 7. Bg5 Be7 8. Qd2 d6 9. f4 h6 10. Bxf6 Bxf6 11. Nde2 Nd7 12. 0-0-0 0-0 13. h4 b5 14. g4 Bb7 15. g5 Bxc3 16. Qxc3 Qxc3 17. Nxc3 Nc5 18. Rhe1 Rac8 19. Re3 b4 20. Ne2 Nxd3+ 21. Rdxd3 Rc4 22. b3 Rc6 23. c4 bxc3 24. Nxc3 Rfc8 25. Kb2 a5 26. Rd2 Ba6 27. Rd1 Kf8 28. Rd2 Rb8 29. Rc2 Rb4 30. Nb1 Rcb6 31. Nd2 Rd4 32. Kc3 Rdb4 33. Kb2 Rd4 34. Kc3 Rc6+ 35. Kb2 Rxc2+ 36. Kxc2 d5 37. Kc3 Rb4 38. exd5 exd5 39. Re5 hxg5 40. hxg5 Bb7 41. f5 f6 42. gxf6 gxf6 43. Re1 d4+ 44. Kd3 Ba6+ 45. Nc4 a4 46. Rb1 Bxc4+ 47. Kxd4 Ba6+ 48. Kc5 Rb5+ 49. Kd6 axb3 50. Rxb3 Rxb3 51. axb3 Kf7 52. b4 Bd3 0-1

[Event "Nuremberg LGA Cup 5th"]
[Site "Nuremberg"]
[Date "2008.09.07"]
[Round "6.68"]
[White "Gspahn, Thomas"]
[Black "Niedermeier, Thomas"]
[Result "0-1"]
[WhiteElo "1585"]
[BlackElo "1970"]
[PlyCount "92"]
[EventDate "2008.09.04"]
[EventType "swiss"]
[EventRounds "7"]
[EventCountry "GER"]
[SourceTitle "EXT 2022"]
[Source "ChessBase"]
[SourceDate "2021.10.06"]
[SourceVersion "1"]
[SourceVersionDate "2021.10.06"]
[SourceQuality "1"]

1. e4 Nf6 2. e5 Nd5 3. d4 d6 4. c4 Nb6 5. exd6 exd6 6. h3 Bf5 7. Bd3 Bxd3 8. Qxd3 Be7 9. Nf3 Nc6 10. a3 a5 11. b3 0-0 12. 0-0 Bf6 13. Bb2 a4 14. b4 d5 15. c5 Nc4 16. Bc3 b5 17. Nbd2 Qd7 18. Ne1 Ne7 19. Nc2 Nf5 20. Nf3 Rfe8 21. Rfe1 Rad8 22. Bd2 g6 23. Bg5 Qc6 24. Bxf6 Qxf6 25. Re2 Nh4 26. Nxh4 Qxh4 27. Rae1 Kf8 28. Ne3 Re4 29. Nc2 Rde8 30. Rxe4 Rxe4 31. Rxe4 Qxe4 32. Qxe4 dxe4 33. g4 Ke7 34. Kg2 Ke6 35. Kg3 g5 36. f4 f6 37. f5+ Kd5 38. Kf2 Nd2 39. Ne3+ Kxd4 40. Nf1 Nxf1 41. Kxf1 Kc3 42. h4 h6 43. hxg5 hxg5 44. Ke2 Kb3 45. Ke3 Kxa3 46. Kxe4 Kxb4 0-1

[Event "Nuremberg LGA Cup 3rd"]
[Site "Nuremberg"]
[Date "2006.09.10"]
[Round "7.63"]
[White "Gspahn, Thomas"]
[Black "Kirch, Daniel"]
[Result "0-1"]
[WhiteElo "1582"]
[BlackElo "1965"]
[PlyCount "72"]
[EventDate "2006.09.07"]
[EventType "swiss"]
[EventRounds "7"]
[EventCountry "GER"]
[SourceTitle "EXT 2022"]
[Source "ChessBase"]
[SourceDate "2021.10.06"]
[SourceVersion "1"]
[SourceVersionDate "2021.10.06"]
[SourceQuality "1"]

1. e4 c5 2. Nf3 d6 3. d4 cxd4 4. Nxd4 Nf6 5. Nc3 a6 6. Bc4 e6 7. Bg5 Nbd7 8. Qd2 Qc7 9. Bb3 b5 10. f3 Be7 11. 0-0-0 Nc5 12. Kb1 Bd7 13. h4 0-0 14. g4 b4 15. Nce2 a5 16. c3 a4 17. Bc2 b3 18. axb3 axb3 19. Bxb3 Nxb3 20. Nxb3 Ba4 21. Nbd4 Bxd1 22. Rxd1 Rfb8 23. b4 Qa7 24. Qb2 Qa4 25. Qb3 Qa6 26. Kc2 e5 27. b5 Qa2+ 28. Qxa2 Rxa2+ 29. Kb3 Ra7 30. c4 exd4 31. Nxd4 Rc7 32. Nf5 Rd8 33. Nxe7+ Rxe7 34. Kb4 h6 35. Bxf6 gxf6 36. c5 dxc5+ 0-1

[Event "Nuremberg LGA Cup 2nd"]
[Site "Nuremberg"]
[Date "2005.09.11"]
[Round "7.59"]
[White "Gspahn, Thomas"]
[Black "Gude, Michael"]
[Result "1-0"]
[WhiteElo "1544"]
[BlackElo "1476"]
[PlyCount "105"]
[EventDate "2005.09.08"]
[EventType "swiss"]
[EventRounds "7"]
[EventCountry "GER"]
[SourceTitle "EXT 2022"]
[Source "ChessBase"]
[SourceDate "2021.10.06"]
[SourceVersion "1"]
[SourceVersionDate "2021.10.06"]
[SourceQuality "1"]

1. e4 e5 2. Nf3 Nf6 3. d4 Nxe4 4. Nxe5 d5 5. Bd3 Bb4+ 6. c3 Bd6 7. Qf3 Nf6 8. 0-0 Be6 9. Bg5 Be7 10. Nd2 h6 11. Bh4 g5 12. Bg3 h5 13. h3 Nfd7 14. Qe2 Nf6 15. Rfe1 g4 16. h4 Ng8 17. Ng6 Rh6 18. Nxe7 Qxe7 19. Bf4 Nc6 20. Bg5 Qd7 21. Bf5 Nce7 22. Bxh6 Nxf5 23. Bg5 Kf8 24. g3 Re8 25. Nb3 b6 26. Kh2 Nd6 27. Bf4 Nc4 28. Nc1 Nf6 29. b3 Nd6 30. Bxd6+ Qxd6 31. Qe5 Qxe5 32. Rxe5 Ne4 33. Ne2 Nxf2 34. Kg2 Ne4 35. Rc1 Bd7 36. Rxh5 Nf6 37. Rh8+ Ng8 38. Nf4 Bb5 39. Kf2 c6 40. Re1 Rxe1 41. Kxe1 Kg7 42. Rh5 Kf8 43. Kd2 Nf6 44. Re5 Ne4+ 45. Rxe4 dxe4 46. Ke3 f5 47. Ng2 Kg7 48. Kf4 Bd3 49. Ne3 Kf6 50. Nxf5 Bb1 51. a3 c5 52. dxc5 bxc5 53. Nd6 1-0

[Event "Nuremberg LGA Cup 2nd"]
[Site "Nuremberg"]
[Date "2005.09.11"]
[Round "6.67"]
[White "Sabnew, Andrej"]
[Black "Gspahn, Thomas"]
[Result "0-1"]
[WhiteElo "1203"]
[BlackElo "1544"]
[PlyCount "86"]
[EventDate "2005.09.08"]
[EventType "swiss"]
[EventRounds "7"]
[EventCountry "GER"]
[SourceTitle "EXT 2022"]
[Source "ChessBase"]
[SourceDate "2021.10.06"]
[SourceVersion "1"]
[SourceVersionDate "2021.10.06"]
[SourceQuality "1"]

1. e4 d6 2. d4 Nf6 3. Nc3 c6 4. Bc4 Qa5 5. Bd2 Qb6 6. Rb1 Qxd4 7. Bb3 Nxe4 8. Be3 Qxd1+ 9. Nxd1 Bf5 10. Nf3 Nd7 11. 0-0 h6 12. Re1 e6 13. Nd4 Ndc5 14. Nxf5 Nxb3 15. Nxd6+ Bxd6 16. axb3 Nf6 17. Nc3 Ke7 18. Bd4 Rhd8 19. Rbd1 c5 20. Bxf6+ Kxf6 21. Re2 Be5 22. Rxd8 Rxd8 23. Re1 Bxc3 24. bxc3 b5 25. h3 a5 26. Ra1 Ra8 27. Kf1 c4 28. bxc4 bxc4 29. Ra4 Ke5 30. Rxc4 a4 31. Rb4 a3 32. Rb1 a2 33. Ra1 Kd5 34. Ke2 Kc4 35. Kd2 h5 36. h4 e5 37. f3 f5 38. g3 g6 39. f4 e4 40. Kd1 Kxc3 41. Kc1 e3 42. Kd1 Kb2 43. Rc1 a1Q 0-1

[Event "Nuremberg LGA Cup 2nd"]
[Site "Nuremberg"]
[Date "2005.09.10"]
[Round "4.70"]
[White "Justi, Fabian"]
[Black "Gspahn, Thomas"]
[Result "0-1"]
[WhiteElo "1236"]
[BlackElo "1544"]
[PlyCount "97"]
[EventDate "2005.09.08"]
[EventType "swiss"]
[EventRounds "7"]
[EventCountry "GER"]
[SourceTitle "EXT 2022"]
[Source "ChessBase"]
[SourceDate "2021.10.06"]
[SourceVersion "1"]
[SourceVersionDate "2021.10.06"]
[SourceQuality "1"]

1. e4 e5 2. Nf3 Nc6 3. c3 Nf6 4. d4 exd4 5. e5 Nd5 6. cxd4 d6 7. Bc4 Nb6 8. Bb5 Bd7 9. Bg5 Ne7 10. Bxd7+ Qxd7 11. 0-0 h6 12. Bf4 Ng6 13. Bg3 0-0-0 14. Nc3 Be7 15. Rc1 f6 16. Qc2 Nf8 17. exf6 Bxf6 18. Ne4 Be7 19. Rfe1 Ne6 20. Ned2 Nd5 21. Qc4 Nef4 22. Bxf4 Nxf4 23. d5 g5 24. Nd4 Kb8 25. Nb5 Rc8 26. Rc2 a6 27. Nd4 Bf6 28. N2b3 Be5 29. Rec1 h5 30. Na5 Bxd4 31. Qxd4 Rhe8 32. Qc4 Re5 33. Rd2 Qe7 34. g3 Ne2+ 35. Rxe2 Rxe2 36. Qb4 c5 37. Qb6 Ka8 38. b4 Re1+ 39. Rxe1 Qxe1+ 40. Kg2 Qxb4 41. Qxd6 Qxa5 42. Qe7 Qd2 43. d6 Rc6 44. d7 Qd5+ 45. Kh3 Rd6 46. Qe8+ Ka7 47. Qxh5 Rxd7 48. a4 g4+ 49. Kxg4 0-1

[Event "Nuremberg LGA Cup 2nd"]
[Site "Nuremberg"]
[Date "2005.09.09"]
[Round "3.61"]
[White "Gspahn, Thomas"]
[Black "Walch, Roger"]
[Result "0-1"]
[WhiteElo "1544"]
[BlackElo "1396"]
[PlyCount "65"]
[EventDate "2005.09.08"]
[EventType "swiss"]
[EventRounds "7"]
[EventCountry "GER"]
[SourceTitle "EXT 2022"]
[Source "ChessBase"]
[SourceDate "2021.10.06"]
[SourceVersion "1"]
[SourceVersionDate "2021.10.06"]
[SourceQuality "1"]

1. e4 c5 2. Nf3 e6 3. d4 cxd4 4. Nxd4 d6 5. Nc3 a6 6. Bc4 Nf6 7. f3 Be7 8. Be3 0-0 9. Qd2 Nc6 10. 0-0-0 Ne5 11. Bb3 b5 12. g4 Bb7 13. h4 Nfd7 14. h5 Nc5 15. g5 Nxb3+ 16. cxb3 Rc8 17. Kb1 b4 18. Nce2 Nxf3 19. Nxf3 Bxe4+ 20. Ka1 Rc2 21. Qe1 Bxf3 22. Rh2 Bxg5 23. Rd2 Rxd2 24. Qxd2 Bxe3 25. Qxe3 Bxe2 26. Qxe2 Qb6 27. Rh1 Rc8 28. h6 Qd4 29. Qxa6 Qc5 30. a3 bxa3 31. Qxa3 Qc6 32. Rg1 Ra8 33. Rxg7+ 0-1

[Event "Nuremberg Zabo op 06th"]
[Site "Nuremberg"]
[Date "2004.09.24"]
[Round "1"]
[White "Gspahn, Thomas"]
[Black "Goetz, Dieter"]
[Result "1-0"]
[WhiteElo "1550"]
[BlackElo "1878"]
[PlyCount "53"]
[EventDate "2004.09.24"]
[EventType "swiss"]
[EventRounds "5"]
[EventCountry "GER"]
[SourceTitle "EXT 2012"]
[Source "ChessBase"]
[SourceDate "2011.11.24"]
[SourceVersion "1"]
[SourceVersionDate "2011.11.24"]
[SourceQuality "1"]

1. d4 Nf6 2. Nf3 d6 3. Bf4 Nbd7 4. h3 g6 5. e3 Bg7 6. Bd3 0-0 7. Nbd2 Re8 8. 0-0 e5 9. Bg5 h6 10. Bxf6 Nxf6 11. dxe5 dxe5 12. e4 Nh5 13. Re1 Nf4 14. Bf1 g5 15. Nh2 Be6 16. Nc4 Qe7 17. c3 h5 18. Ne3 Rad8 19. Qc2 Qd7 20. Red1 Qc8 21. Rxd8 Rxd8 22. Nf5 Bxf5 23. exf5 Qd7 24. g3 Nd5 25. Rd1 Qe7 26. Qe4 Rd6 27. Rxd5 1-0

[Event "Seebach op 15th"]
[Site "Grossenseebach"]
[Date "2004.06.17"]
[Round "1"]
[White "Borel, Markus"]
[Black "Gspahn, Thomas"]
[Result "1-0"]
[WhiteElo "1921"]
[BlackElo "1492"]
[PlyCount "59"]
[EventDate "2004.06.17"]
[EventType "swiss"]
[EventRounds "7"]
[EventCountry "GER"]
[SourceTitle "EXT 2018"]
[Source "ChessBase"]
[SourceDate "2017.10.13"]
[SourceVersion "1"]
[SourceVersionDate "2017.10.13"]
[SourceQuality "1"]

1. e4 d6 2. d4 Nf6 3. Nc3 c6 4. Nf3 Bg4 5. Be2 e6 6. h3 Bh5 7. 0-0 h6 8. Be3 Be7 9. Nh2 Bg6 10. Bd3 e5 11. Qd2 Nbd7 12. f4 Qc7 13. Nf3 0-0 14. f5 Bh7 15. g4 exd4 16. Bxd4 Ne5 17. Nxe5 dxe5 18. Be3 Nd7 19. g5 Bxg5 20. Bxg5 hxg5 21. Qxg5 Qb6+ 22. Kh1 Qxb2 23. Rg1 g6 24. Ne2 Nc5 25. Qh6 Kh8 26. f6 Rg8 27. Rab1 Qxa2 28. Nc3 Qa3 29. Rg4 Nd7 30. Qxh7+ 1-0

[Event "Seebach op 15th"]
[Site "Grossenseebach"]
[Date "2004.06.17"]
[Round "5"]
[White "Grasser, Stefan"]
[Black "Gspahn, Thomas"]
[Result "1-0"]
[WhiteElo "1679"]
[BlackElo "1492"]
[PlyCount "83"]
[EventDate "2004.06.17"]
[EventType "swiss"]
[EventRounds "7"]
[EventCountry "GER"]
[SourceTitle "EXT 2018"]
[Source "ChessBase"]
[SourceDate "2017.10.13"]
[SourceVersion "1"]
[SourceVersionDate "2017.10.13"]
[SourceQuality "1"]

1. d4 d6 2. c4 c6 3. Nc3 Nf6 4. f3 g6 5. e4 Bg7 6. Be3 0-0 7. Nge2 b6 8. Qc2 e5 9. 0-0-0 Qe7 10. dxe5 dxe5 11. Ng3 Be6 12. h4 h6 13. h5 g5 14. Nf5 Bxf5 15. exf5 Nfd7 16. Ne4 f6 17. c5 Qd8 18. Bc4+ Kh7 19. Qb3 Qc7 20. Bf7 Na6 21. Bg6+ Kh8 22. Nd6 Naxc5 23. Bxc5 Nxc5 24. Nf7+ Rxf7 25. Qxf7 Qxf7 26. Bxf7 Bf8 27. Rd2 a5 28. Rhd1 Be7 29. Kb1 Ra7 30. Be6 Kg7 31. a3 Rc7 32. b4 axb4 33. axb4 Na4 34. Rd7 Nc3+ 35. Kc2 Nxd1 36. Rxc7 Ne3+ 37. Kd3 Nxg2 38. Rxe7+ Kf8 39. Rf7+ Ke8 40. Rxf6 Nf4+ 41. Kc4 Ke7 42. Rxh6 1-0

[Event "Seebach op 15th"]
[Site "Grossenseebach"]
[Date "2004.06.17"]
[Round "2"]
[White "Gspahn, Thomas"]
[Black "Hirneise, Jens"]
[Result "0-1"]
[WhiteElo "1492"]
[BlackElo "1758"]
[PlyCount "72"]
[EventDate "2004.06.17"]
[EventType "swiss"]
[EventRounds "7"]
[EventCountry "GER"]
[SourceTitle "EXT 2018"]
[Source "ChessBase"]
[SourceDate "2017.10.13"]
[SourceVersion "1"]
[SourceVersionDate "2017.10.13"]
[SourceQuality "1"]

1. e4 c5 2. Nf3 Nc6 3. d4 cxd4 4. Nxd4 Nf6 5. Nc3 e5 6. Nf5 d5 7. exd5 Bxf5 8. dxc6 bxc6 9. Qf3 Qd7 10. Bd3 Bxd3 11. Qxd3 Qxd3 12. cxd3 0-0-0 13. Ke2 Bc5 14. Be3 Bxe3 15. fxe3 Kc7 16. h3 Nh5 17. Rhd1 f5 18. Kf3 Rhf8 19. Ne2 Rxd3 20. Rxd3 e4+ 21. Kf2 exd3 22. Nd4 Re8 23. Rc1 f4 24. Rxc6+ Kb7 25. Re6 Rc8 26. Ke1 Rc1+ 27. Kd2 Rg1 28. Kxd3 Rxg2 29. Ne2 f3 30. Nf4 f2 31. Ke2 Ng3+ 32. Kd2 f1Q+ 33. Nxg2 Qxg2+ 34. Kc3 Qd5 35. Re7+ Kb6 36. Rxg7 Qe5+ 0-1

[Event "Seebach op 15th"]
[Site "Grossenseebach"]
[Date "2004.06.17"]
[Round "6"]
[White "Gspahn, Thomas"]
[Black "Jahnke, Manfred"]
[Result "0-1"]
[WhiteElo "1492"]
[BlackElo "1623"]
[PlyCount "50"]
[EventDate "2004.06.17"]
[EventType "swiss"]
[EventRounds "7"]
[EventCountry "GER"]
[SourceTitle "EXT 2018"]
[Source "ChessBase"]
[SourceDate "2017.10.13"]
[SourceVersion "1"]
[SourceVersionDate "2017.10.13"]
[SourceQuality "1"]

1. e4 c5 2. Nf3 d6 3. d4 cxd4 4. Nxd4 Nf6 5. Nc3 g6 6. Be3 Bg7 7. f3 Nc6 8. Qd2 0-0 9. Bh6 Bxh6 10. Qxh6 Nxd4 11. 0-0-0 Nc6 12. g4 Ne5 13. Be2 Be6 14. h4 Qa5 15. a3 Rfc8 16. Nb1 Bc4 17. Bxc4 Rxc4 18. h5 Rac8 19. c3 Qd8 20. hxg6 fxg6 21. Nd2 Rxc3+ 22. bxc3 Rxc3+ 23. Kb2 Qa5 24. Ra1 Nd3+ 25. Kb1 Qb5+ 0-1

[Event "Seebach op 15th"]
[Site "Grossenseebach"]
[Date "2004.06.17"]
[Round "3"]
[White "Hiemer, Helmut"]
[Black "Gspahn, Thomas"]
[Result "0-1"]
[WhiteElo "1228"]
[BlackElo "1492"]
[PlyCount "112"]
[EventDate "2004.06.17"]
[EventType "swiss"]
[EventRounds "7"]
[EventCountry "GER"]
[SourceTitle "EXT 2018"]
[Source "ChessBase"]
[SourceDate "2017.10.13"]
[SourceVersion "1"]
[SourceVersionDate "2017.10.13"]
[SourceQuality "1"]

1. e4 d6 2. d4 Nf6 3. Nc3 c6 4. Bd3 e5 5. dxe5 dxe5 6. Nf3 Bg4 7. h3 Bxf3 8. Qxf3 Bb4 9. Bd2 b5 10. a3 Ba5 11. b4 Bb6 12. Be3 Nbd7 13. a4 a6 14. 0-0 0-0 15. Rfd1 Qe7 16. Rdb1 h6 17. Be2 Rfb8 18. a5 Bc7 19. Qg3 Kh7 20. Bg4 c5 21. Bxd7 cxb4 22. Nd5 Nxd5 23. Bc6 Nc3 24. Re1 Qd8 25. Bxa8 Rxa8 26. Bc5 Qd2 27. Kh1 Qxc2 28. Bxb4 Nxe4 29. Rxe4 Qxe4 30. Qc3 Bd8 31. Re1 Qd4 32. Rxe5 Qxc3 33. Bxc3 Bf6 34. Re3 Bxc3 35. Rxc3 Re8 36. Rc6 Re6 37. Rb6 Kg6 38. g3 Kf5 39. Kg2 Ke5 40. f4+ Kd5 41. Kf3 Rxb6 42. axb6 Kc6 43. b7 Kxb7 44. Ke3 b4 45. Kd3 a5 46. Kc2 a4 47. g4 Kc6 48. h4 Kd5 49. g5 Ke4 50. gxh6 gxh6 51. f5 Kxf5 52. h5 Kg5 53. Kb2 Kxh5 54. Ka2 f5 55. Kb2 f4 56. Kc2 a3 0-1

[Event "Seebach op 14th"]
[Site "Grossenseebach"]
[Date "2003.06.21"]
[Round "5"]
[White "Gspahn, Thomas"]
[Black "Roeckl, Adelbert"]
[Result "1/2-1/2"]
[WhiteElo "1417"]
[BlackElo "1391"]
[PlyCount "60"]
[EventDate "2003.06.19"]
[EventType "swiss"]
[EventRounds "7"]
[EventCountry "GER"]
[SourceTitle "EXT 2018"]
[Source "ChessBase"]
[SourceDate "2017.10.13"]
[SourceVersion "1"]
[SourceVersionDate "2017.10.13"]
[SourceQuality "1"]

1. e4 c6 2. d4 d5 3. exd5 cxd5 4. c4 Nf6 5. Nc3 e6 6. Nf3 Nc6 7. a3 Be7 8. Bd3 dxc4 9. Bxc4 0-0 10. 0-0 a6 11. a4 Bd7 12. Be3 Re8 13. h3 Bf8 14. b3 Qc7 15. Bg5 Be7 16. Re1 h6 17. Bh4 Qa5 18. Qd3 Nb4 19. Qd2 Nc6 20. Ne5 Bb4 21. Rac1 Bxc3 22. Rxc3 Nd5 23. Rc2 Qxd2 24. Rxd2 Nxe5 25. Rxe5 Bc6 26. Bg3 Rac8 27. Re1 Nb6 28. a5 Nxc4 29. bxc4 Red8 30. Red1 Ba4 1/2-1/2

[Event "Seebach op 14th"]
[Site "Grossenseebach"]
[Date "2003.06.20"]
[Round "3"]
[White "Gspahn, Thomas"]
[Black "Balhar, Michael"]
[Result "0-1"]
[WhiteElo "1417"]
[BlackElo "1543"]
[PlyCount "108"]
[EventDate "2003.06.19"]
[EventType "swiss"]
[EventRounds "7"]
[EventCountry "GER"]
[SourceTitle "EXT 2018"]
[Source "ChessBase"]
[SourceDate "2017.10.13"]
[SourceVersion "1"]
[SourceVersionDate "2017.10.13"]
[SourceQuality "1"]

1. e4 c5 2. Nf3 e6 3. d4 cxd4 4. Nxd4 a6 5. Nc3 Qc7 6. Be3 Nf6 7. Qd2 Bb4 8. Nde2 Nxe4 9. Qd4 Bxc3+ 10. Nxc3 Nf6 11. Bh6 Nc6 12. Qf4 Qxf4 13. Bxf4 b5 14. Bd3 Bb7 15. Bg5 Nb4 16. 0-0 Nbd5 17. Ne4 Nxe4 18. Bxe4 Bc6 19. Rfc1 Nb4 20. Bxc6 Nxc6 21. a3 Rc8 22. c4 Nd4 23. Rd1 Rxc4 24. Rab1 h6 25. Bh4 Ne2+ 26. Kf1 Rxh4 27. Kxe2 Ke7 28. h3 Rc8 29. Rh1 Rhc4 30. Ke3 f5 31. f3 f4+ 32. Kf2 Rc2+ 33. Kg1 Rc1+ 34. Kh2 Rxh1+ 35. Rxh1 Rc2 36. Rb1 d5 37. h4 d4 38. Kh3 e5 39. g3 h5 40. gxf4 exf4 41. Re1+ Kd6 42. Re4 Kd5 43. Rxf4 d3 44. Rf7 d2 45. Rd7+ Ke5 46. f4+ Kxf4 47. b4 Kf3 48. Rf7+ Ke2 49. Re7+ Kd1 50. Rd7 Kc1 51. Kg3 d1Q 52. Rxd1+ Kxd1 53. Kf4 Rc4+ 54. Kg5 g6 0-1

[Event "Seebach op 14th"]
[Site "Grossenseebach"]
[Date "2003.06.19"]
[Round "1"]
[White "Gspahn, Thomas"]
[Black "Weiland, Guenter"]
[Result "0-1"]
[WhiteElo "1417"]
[BlackElo "1847"]
[PlyCount "90"]
[EventDate "2003.06.19"]
[EventType "swiss"]
[EventRounds "7"]
[EventCountry "GER"]
[SourceTitle "EXT 2018"]
[Source "ChessBase"]
[SourceDate "2017.10.13"]
[SourceVersion "1"]
[SourceVersionDate "2017.10.13"]
[SourceQuality "1"]

1. e4 g6 2. Nf3 Bg7 3. d4 c5 4. c3 b6 5. Be3 Bb7 6. Nbd2 Qc7 7. Bc4 e6 8. Bb3 Nf6 9. Ng5 h6 10. e5 hxg5 11. exf6 Bxf6 12. Qg4 Rh4 13. Qg3 Qxg3 14. fxg3 Bxg2 15. gxh4 Bxh1 16. 0-0-0 cxd4 17. Bxd4 Bxd4 18. Rxh1 Be3 19. hxg5 Bxg5 20. Kc2 Bxd2 21. Kxd2 Nc6 22. Ke3 Ke7 23. Kf4 Rh8 24. Bd1 f6 25. Bf3 Ne5 26. Bb7 Nd3+ 27. Kg3 Nxb2 28. Rc1 Nd3 29. Rc2 Nc5 30. Bf3 f5 31. Kf4 Kf6 32. Rd2 g5+ 33. Kg3 g4 34. Bg2 Kg5 35. Bh1 f4+ 36. Kg2 Rh3 37. c4 Rd3 38. Rc2 Ne4 39. Rc1 f3+ 40. Kf1 Kf4 41. Ke1 Rd2 42. Rd1 Rxd1+ 43. Kxd1 Ke3 44. Ke1 Nd2 45. a4 f2+ 0-1

[Event "Seebach op 14th"]
[Site "Grossenseebach"]
[Date "2003.06.19"]
[Round "2"]
[White "Suess, Stefan"]
[Black "Gspahn, Thomas"]
[Result "1-0"]
[WhiteElo "1759"]
[BlackElo "1417"]
[PlyCount "53"]
[EventDate "2003.06.19"]
[EventType "swiss"]
[EventRounds "7"]
[EventCountry "GER"]
[SourceTitle "EXT 2018"]
[Source "ChessBase"]
[SourceDate "2017.10.13"]
[SourceVersion "1"]
[SourceVersionDate "2017.10.13"]
[SourceQuality "1"]

1. e4 c5 2. Nf3 d6 3. d4 cxd4 4. Nxd4 Nc6 5. Nc3 Nf6 6. Be3 g6 7. f3 Bg7 8. Qd2 0-0 9. Bc4 a6 10. 0-0-0 e5 11. Nxc6 bxc6 12. Qxd6 Qxd6 13. Rxd6 Bb7 14. Rhd1 Rac8 15. Na4 Nh5 16. Nc5 Rb8 17. Nd7 Rbd8 18. Nxf8 Rxd6 19. Rxd6 Bxf8 20. Rd8 c5 21. Bxc5 Nf4 22. Bxf8 Ne6 23. Bxe6 fxe6 24. Bh6+ Kf7 25. Rd7+ Kf6 26. h4 Bc6 27. Bg7# 1-0